Jord och Frihet: Latinamerik konst 1830-1970
保存先:
| 第一著者: | |
|---|---|
| フォーマット: | 図書 |
| 言語: | スウェーデン語 |
| 出版事項: |
Estocolmo
Statens Konstmuseer
1989
|
| 主題: | |
| タグ: |
タグ追加
タグなし, このレコードへの初めてのタグを付けませんか!
|
MARC
| LEADER | 00000nam a2200000 a 4500 | ||
|---|---|---|---|
| 001 | UCV8074 | ||
| 003 | CL-VaPUC | ||
| 008 | 900516e19890000SW |||||||||||||||||swe|d | ||
| 082 | 0 | 4 | |a 759.98 |b ADE |2 21 |
| 100 | |a Ades, Dawn |e autora |9 302155 | ||
| 245 | 1 | 0 | |a Jord och Frihet: Latinamerik konst 1830-1970 |
| 300 | |a 361 p | ||
| 942 | |c BK | ||
| 945 | |d 19900516 00:00:00 | ||
| 260 | |a Estocolmo |b Statens Konstmuseer |c 1989 | ||
| 650 | 7 | |a PINTURA EXPOSICIONES |2 CL-VaPUC |9 265733 | |
| 650 | 7 | |a PINTURA LATINOAMERICANA |2 CL-VaPUC |9 266012 | |
| 583 | |a last modification |c 19900516 00:00:00 |k Rodrigo Vera | ||
| 999 | |c 213655 |d 213653 | ||
| 952 | |0 0 |1 0 |4 0 |6 759_980000000000000_ADE_1989 |7 0 |8 A |9 196241 |a BIBARQ |b BIBARQ |d 2019-11-14 |i 2641518 |o 759.98 ADE 1989 |p 2641518 |r 2025-01-20 |w 2019-11-14 |y BK |k ARQ | ||